Pancakes, pancakes! / (Record no. 28212)
[ view plain ]
| 000 -LEADER | |
|---|---|
| fixed length control field | 01038cam a2200325Ka 4500 |
| 001 - CONTROL NUMBER | |
| control field | 57178099 |
| 003 - CONTROL NUMBER IDENTIFIER | |
| control field | OCoLC |
| 005 - DATE AND TIME OF LATEST TRANSACTION | |
| control field | 20230624124643.0 |
| 008 - FIXED-LENGTH DATA ELEMENTS--GENERAL INFORMATION | |
| fixed length control field | 041207s2004 nyua j 000 1 eng d |
| 010 ## - LIBRARY OF CONGRESS CONTROL NUMBER | |
| LC control number | 2005270985 |
| 020 ## - INTERNATIONAL STANDARD BOOK NUMBER | |
| International Standard Book Number | 0689871481 (board bk.) : |
| 020 ## - INTERNATIONAL STANDARD BOOK NUMBER | |
| International Standard Book Number | 9780689871481 (board bk.) |
| 035 ## - SYSTEM CONTROL NUMBER | |
| System control number | (OCoLC)57178099 |
| 040 ## - CATALOGING SOURCE | |
| Original cataloging agency | SDL |
| Transcribing agency | SDL |
| Modifying agency | XY4 |
| -- | BAKER |
| -- | MLA |
| -- | DLC |
| -- | BTCTA |
| -- | COX |
| 041 ## - LANGUAGE CODE | |
| Language code of text/sound track or separate title | eng |
| 050 #4 - LIBRARY OF CONGRESS CALL NUMBER | |
| Classification number | PZ7.C21476 |
| Item number | Pan 2004 |
| 100 1# - MAIN ENTRY--PERSONAL NAME | |
| Personal name | Carle, Eric. |
| 245 10 - TITLE STATEMENT | |
| Title | Pancakes, pancakes! / |
| Statement of responsibility, etc. | Eric Carle. |
| 250 ## - EDITION STATEMENT | |
| Edition statement | 1st Little Simon board book ed. |
| 260 ## - PUBLICATION, DISTRIBUTION, ETC. (IMPRINT) | |
| Place of publication, distribution, etc. | New York : |
| Name of publisher, distributor, etc. | Little Simon, |
| Date of publication, distribution, etc. | 2004. |
| 300 ## - PHYSICAL DESCRIPTION | |
| Extent | 1 v. (unpaged) : |
| Other physical details | col. ill. ; |
| Dimensions | 18 cm. |
| 490 0# - SERIES STATEMENT | |
| Series statement | A classic board book. |
| 500 ## - GENERAL NOTE | |
| General note | On board pages. |
| 520 ## - SUMMARY, ETC. | |
| Summary, etc. | By cutting and grinding the wheat for flour, Jack starts from scratch to help make his breakfast pancake. |
| 650 #0 - SUBJECT ADDED ENTRY--TOPICAL TERM | |
| Topical term or geographic name as entry element | Pancakes, waffles, etc. |
| Form subdivision | Juvenile fiction. |
| 650 #0 - SUBJECT ADDED ENTRY--TOPICAL TERM | |
| Topical term or geographic name as entry element | Cooking |
| Form subdivision | Juvenile fiction. |
| 655 #0 - INDEX TERM--GENRE/FORM | |
| Genre/form data or focus term | Board books. |
| 655 #0 - INDEX TERM--GENRE/FORM | |
| Genre/form data or focus term | Picture books. |
| 942 ## - ADDED ENTRY ELEMENTS (KOHA) | |
| Koha item type | Libro/Book |
| Withdrawn status | Lost status | Damaged status | Not for loan | Home library | Current library | Shelving location | Date acquired | Inventory number | Total Checkouts | Full call number | Barcode | Date last seen | Date checked out | Price effective from | Koha item type |
|---|---|---|---|---|---|---|---|---|---|---|---|---|---|---|---|
| San Juan Del Sur -- Biblioteca | San Juan Del Sur -- Biblioteca | Children's Area | 24/06/2023 | Inventory date: 15-5-25 | 2 | JFI CAJA/ESTANTE INGLES | 30023152 | 09/05/2024 | 09/05/2024 | 24/06/2023 | Libro/Book |